|
|
|
|
| LEADER |
01028nam a22002417a 4500 |
| 001 |
AAL8158 |
| 003 |
BD-DhAAL |
| 005 |
20160713100055.0 |
| 008 |
160713s20142008bg a|||| |||| 00| 0 ben d |
| 020 |
|
|
|a 9847019200110
|
| 040 |
|
|
|a BD-DhAAL
|c BD-DhAAL
|
| 082 |
|
|
|a 915.4 96
|
| 100 |
|
|
|a কামাল, মোঃ আবু হেনা মোস্তাফা
|9 19837
|
| 245 |
|
|
|a নেপালের সবুজ উপত্যকায় /
|c মোঃ আবু হেনা মোস্তাফা কামাল
|
| 260 |
|
|
|a ঢাকা :
|b বিজয় প্রকাশ,
|c ২০১৪
|
| 300 |
|
|
|a ১১২ পৃ. :
|b চিত্র ;
|c ২২ সে.মি.
|
| 541 |
|
|
|e 8158
|
| 650 |
|
|
|a Travel
|9 19838
|
| 651 |
|
|
|a Nepal
|x Description and travel.
|9 19839
|
| 852 |
|
|
|a Savar Campus Library
|c General Shelf
|
| 942 |
|
|
|2 ddc
|c BK
|
| 999 |
|
|
|c 37655
|d 37655
|
| 952 |
|
|
|0 0
|1 0
|2 ddc
|4 0
|6 915_400000000000000_96_KAM
|7 0
|9 59223
|a SCL
|b SCL
|c GEN
|d 2016-07-13
|g 200.00
|l 0
|o 915.4 96 KAM
|p 3020008158
|r 2016-07-13
|t 1
|w 2016-07-13
|y BK
|